000 00862cam a2200229 4500
001 WB3631-38
008 000000n2000 000 0 eng u
035 _a(Sirsi) u107646
245 _aBlacklist of dodgy tenants on the Net
260 _c2000
490 _aIndependent
_v7 August 2000, 4(1)
520 _aA professional landlord is creating a nationwide "tenant blacklist" database in an attempt to stop people from stealing property from lodgings and leaving landlords with debts. Details of worthy tenants will also be recorded by the scheme, which can be found at http:/www.landlordsdata.com
590 _aWB
650 _aLANDLORD
650 _aTENANT
650 _aDATABASE
650 _aRENTED PROPERTY
650 _aNATIONAL FEDERATION OF RESIDENTIAL LANDLORDS
650 _aINTERNET
690 _aLandlord and tenant
_96252
942 _n0
999 _c64316
_d64316